000 00548nam a22001937a 4500
005 20260211104005.0
010 _aENG-147786
020 _c199.00
_a9789370989214
035 _aEN-131318
037 _bDBAD
082 _a921
_21
100 _aSabari, Prasita
_987261
245 _aThe Entanglement of Illusions/
_cPrasita Sabari
250 _a1
260 _aKerala
_bCB Folio
270 _bKerala
_aDC Kizhakemuri Edam Good Shepherd Street Kerala, India
_e686001
300 _a75p.
_c22 cm(pb)
942 _2ddc
_cEN
_h821
_mSAB
999 _c214777
_d214777